Cinesiología y psicomotricidad: modelo psicomotor, análisis del movimiento, morfotipología humana

Furkejuvvon:
Bibliográfalaš dieđut
Váldodahkki: Raimondi, Paolo (Dahkki)
Materiálatiipa: Girji
Giella:espánnjágiella
Almmustuhtton: Barcelona Paidotribo 1999
Fáttát:
Fáddágilkorat: Lasit fáddágilkoriid
Eai fáddágilkorat, Lasit vuosttaš fáddágilkora!

MARC

LEADER 00000nam a2200000 a 4500
001 UCL6428
003 CL-VaPUC
008 040402e19990000SP |||||||||||||||||spa|d
020 |a 8480194006 
082 0 4 |a 612.76  |b RAI  |2 21 
100 0 |a Raimondi, Paolo  |e author  |9 484129 
245 1 0 |a Cinesiología y psicomotricidad: modelo psicomotor, análisis del movimiento, morfotipología humana 
300 |a 263 p 
942 |c BK 
945 |d 20040402 00:00:00  |a cmena 
260 |a Barcelona  |b Paidotribo  |c 1999 
650 0 |a Cinesiología  |9 476132 
650 7 |a PSICOMOTRICIDAD  |2 CL-VaPUC  |9 241072 
650 0 |a Cuerpo humano  |9 257169 
583 |a last modification  |c 20040402 00:00:00  |k Rodrigo Vera 
999 |c 308536  |d 308534 
952 |0 0  |1 0  |4 0  |6 612_760000000000000_RAI_1999  |7 0  |8 A  |9 375122  |a BIBCUR  |b BIBCUR  |d 2019-11-21  |i 4003187  |o 612.76 RAI 1999  |p 4003187  |r 2025-04-22  |w 2019-11-21  |y BK  |k KIN 
952 |0 0  |1 0  |4 0  |6 612_760000000000000_RAI_1999  |7 0  |8 A  |9 375123  |a BIBCUR  |b BIBCUR  |d 2019-11-21  |i 4003195  |o 612.76 RAI 1999  |p 4003195  |r 2025-04-22  |w 2019-11-21  |y BK  |k KIN 
952 |0 0  |1 0  |4 0  |6 612_760000000000000_RAI_1999  |7 0  |8 A  |9 375124  |a BIBCUR  |b BIBCUR  |d 2019-11-21  |i 4003209  |o 612.76 RAI 1999  |p 4003209  |r 2025-04-22  |w 2019-11-21  |y BK  |k KIN 
952 |0 0  |1 0  |4 0  |6 612_760000000000000_RAI_1999  |7 0  |8 A  |9 375125  |a BIBCUR  |b BIBCUR  |d 2019-11-21  |i 4003217  |l 1  |o 612.76 RAI 1999  |p 4003217  |r 2025-04-22  |s 2025-03-31  |w 2019-11-21  |y BK  |k KIN 
952 |0 0  |1 0  |4 0  |6 612_760000000000000_RAI_1999  |7 0  |8 A  |9 375126  |a BIBCUR  |b BIBCUR  |d 2019-11-21  |i 4095820  |o 612.76 RAI 1999  |p 4095820  |r 2025-04-22  |w 2019-11-21  |y BK  |k KIN 
952 |0 0  |1 0  |4 0  |6 612_760000000000000_RAI_1999  |7 0  |8 A  |9 375127  |a BIBCUR  |b BIBCUR  |d 2019-11-21  |i 4095839  |o 612.76 RAI 1999  |p 4095839  |r 2025-04-22  |w 2019-11-21  |y BK  |k KIN 
952 |0 0  |1 0  |4 0  |6 612_760000000000000_RAI_1999  |7 0  |8 A  |9 375128  |a BIBCUR  |b BIBCUR  |d 2019-11-21  |i 1088777  |o 612.76 RAI 1999  |p 1088777  |r 2025-04-22  |w 2019-11-21  |y BK  |k KIN